[Event "Arco op 35th"]
[Site "Arco"]
[Date "2013.10.17"]
[Round "6"]
[White "Romagnoli, Roberto"]
[Black "Hilbenz, Guntram"]
[Result "0-1"]
[WhiteElo "2079"]
[BlackElo "1909"]
[PlyCount "58"]
[EventDate "2013.10.12"]
[EventType "swiss"]
[EventRounds "9"]
[EventCountry "ITA"]
[SourceTitle "EXT 2014"]
[Source "ChessBase"]
[SourceDate "2013.11.20"]
[SourceVersion "1"]
[SourceVersionDate "2013.11.20"]
[SourceQuality "1"]

1. c4 d6 2. Nc3 e5 3. g3 Nf6 4. Bg2 Be7 5. d3 0-0 6. Nf3 c6 7. 0-0 Be6 8. Ng5 Bd7 9. a3 h6 10. Nge4 Be6 11. Nxf6+ Bxf6 12. e4 a5 13. Rb1 Na6 14. Be3 Nc7 15. Bb6 Ra6 16. Bxc7 Qxc7 17. b4 axb4 18. axb4 Ra3 19. Qc2 Rfa8 20. Qb2 Qb6 21. Ra1 Qa7 22. Rxa3 Qxa3 23. Rb1 Qxb2 24. Rxb2 Ra3 25. Nd1 Rxd3 26. Ne3 Bg5 27. Bf1 Rc3 28. b5 Bxe3 29. bxc6 bxc6 0-1

[Event "Arco Christmas op 3rd"]
[Site "Arco"]
[Date "2012.12.28"]
[Round "4"]
[White "Horn, Peter"]
[Black "Romagnoli, Roberto"]
[Result "1-0"]
[WhiteElo "2149"]
[BlackElo "2110"]
[PlyCount "33"]
[EventDate "2012.12.26"]
[EventType "swiss"]
[EventRounds "7"]
[EventCountry "ITA"]
[SourceTitle "CBM 152 Extra"]
[Source "ChessBase"]
[SourceDate "2013.02.25"]
[SourceVersion "1"]
[SourceVersionDate "2013.02.25"]
[SourceQuality "1"]

1. c4 e6 2. g3 Nf6 3. Bg2 d5 4. Nf3 Be7 5. 0-0 0-0 6. b3 c6 7. Bb2 Nbd7 8. d3 g6 9. Nbd2 Re8 10. e4 dxe4 11. dxe4 Bf8 12. e5 Nh5 13. Qc2 Qc7 14. Rad1 Ng7 15. Ne4 Rd8 16. Qc1 b6 17. Rxd7 1-0

[Event "Arco op 30th"]
[Site "Arco"]
[Date "2008.10.26"]
[Round "9"]
[White "Romagnoli, Roberto"]
[Black "Ager, Josef"]
[Result "0-1"]
[WhiteElo "2080"]
[BlackElo "2231"]
[PlyCount "108"]
[EventDate "2008.10.18"]
[EventType "swiss"]
[EventRounds "9"]
[EventCountry "ITA"]
[SourceTitle "CBM 127 Extra"]
[Source "ChessBase"]
[SourceDate "2009.01.08"]
[SourceVersion "2"]
[SourceVersionDate "2009.01.28"]
[SourceQuality "1"]

1. c4 g6 2. Nc3 Bg7 3. g3 e5 4. Bg2 Ne7 5. e3 0-0 6. Nge2 d6 7. 0-0 c6 8. d4 Na6 9. b3 Re8 10. Bb2 Bd7 11. Qd2 Qc7 12. Rac1 Rad8 13. a3 Qc8 14. Rfe1 Bh3 15. Bh1 Nf5 16. b4 h5 17. b5 Nb8 18. d5 c5 19. Ne4 f6 20. Rc3 Qc7 21. f3 Nh6 22. Nf2 Bc8 23. e4 Nd7 24. a4 Nf8 25. Ra3 Nh7 26. Bc1 Kh8 27. Qd3 Rg8 28. Bd2 Rdf8 29. Qc3 Qe7 30. Qc1 Nf7 31. Bg2 f5 32. Bh3 Nfg5 33. exf5 gxf5 34. f4 Nxh3+ 35. Nxh3 Bf6 36. Bc3 Qf7 37. Kf2 Re8 38. Nhg1 Bg7 39. Nf3 Nf6 40. fxe5 Ne4+ 41. Kg2 dxe5 42. Ng5 Nxg5 43. Qxg5 Bf8 44. Qe3 Kh7 45. Nf4 Bd6 46. Nh3 f4 47. Qf2 f3+ 48. Kg1 Bxh3 49. Ba1 e4 50. Rae3 Bf5 51. Kf1 h4 52. Bc3 hxg3 53. hxg3 Bxg3 54. Qg1 Bh3+ 0-1

[Event "Arco op 30th"]
[Site "Arco"]
[Date "2008.10.23"]
[Round "6"]
[White "Coqueraut, Lodewyk"]
[Black "Romagnoli, Roberto"]
[Result "0-1"]
[WhiteElo "1869"]
[BlackElo "2080"]
[PlyCount "80"]
[EventDate "2008.10.18"]
[EventType "swiss"]
[EventRounds "9"]
[EventCountry "ITA"]
[SourceTitle "CBM 127 Extra"]
[Source "ChessBase"]
[SourceDate "2009.01.08"]
[SourceVersion "2"]
[SourceVersionDate "2009.01.28"]
[SourceQuality "1"]

1. d4 d5 2. c4 e6 3. Nc3 Nf6 4. Nf3 Be7 5. e3 0-0 6. Bd3 Nbd7 7. 0-0 Re8 8. e4 dxe4 9. Nxe4 Nxe4 10. Bxe4 Nf6 11. Bc2 c5 12. Be3 Ng4 13. Qd3 g6 14. Rad1 Nxe3 15. fxe3 Bf6 16. Ne5 Bxe5 17. dxe5 Qxd3 18. Rxd3 b6 19. Ba4 Rf8 20. Bc6 Rb8 21. Rd6 Bb7 22. Rfd1 Bxc6 23. Rxc6 Rb7 24. Rdd6 Kg7 25. a4 Kh6 26. Rd2 Kg5 27. Rf2 Rd8 28. Rd6 Rxd6 29. exd6 Rd7 30. g3 f5 31. Rd2 Kf6 32. Kf2 Ke5 33. Kf3 Rxd6 34. Rxd6 Kxd6 35. e4 Ke5 36. exf5 exf5 37. Ke3 g5 38. h3 h6 39. g4 f4+ 40. Kd3 a6 0-1

[Event "Arco op 30th"]
[Site "Arco"]
[Date "2008.10.22"]
[Round "5"]
[White "Romagnoli, Roberto"]
[Black "Medancic, Rikard"]
[Result "0-1"]
[WhiteElo "2080"]
[BlackElo "2225"]
[PlyCount "80"]
[EventDate "2008.10.18"]
[EventType "swiss"]
[EventRounds "9"]
[EventCountry "ITA"]
[SourceTitle "CBM 127 Extra"]
[Source "ChessBase"]
[SourceDate "2009.01.08"]
[SourceVersion "2"]
[SourceVersionDate "2009.01.28"]
[SourceQuality "1"]

1. c4 c5 2. Nc3 b6 3. Nf3 Bb7 4. e4 d6 5. d4 cxd4 6. Nxd4 e6 7. Bd3 Nf6 8. 0-0 a6 9. Be3 Nbd7 10. f3 Be7 11. Rc1 0-0 12. b3 Qc7 13. Bb1 Kh8 14. Qd2 Rg8 15. Nde2 Rad8 16. Rfd1 Ne5 17. Qd4 Nfd7 18. h3 Nc5 19. Nf4 g5 20. Nh5 f6 21. Kf2 Rdf8 22. Ke2 Qb8 23. Rf1 Qe8 24. g4 b5 25. cxb5 axb5 26. Qd2 b4 27. Na4 Ba6+ 28. Kf2 Nxa4 29. bxa4 Bxf1 30. Kxf1 Qxa4 31. Kg2 Rc8 32. f4 gxf4 33. Bxf4 Rxc1 34. Qxc1 Qc6 35. Qe3 Qc3 36. Qxc3 bxc3 37. Bc2 Ra8 38. Bb3 Nd3 39. Kf3 c2 40. Bh6 Bf8 0-1

[Event "Arco op 30th"]
[Site "Arco"]
[Date "2008.10.20"]
[Round "3"]
[White "Romagnoli, Roberto"]
[Black "Coqueraut, Jean Dominique"]
[Result "1-0"]
[WhiteElo "2080"]
[BlackElo "1892"]
[PlyCount "87"]
[EventDate "2008.10.18"]
[EventType "swiss"]
[EventRounds "9"]
[EventCountry "ITA"]
[SourceTitle "CBM 127 Extra"]
[Source "ChessBase"]
[SourceDate "2009.01.08"]
[SourceVersion "2"]
[SourceVersionDate "2009.01.28"]
[SourceQuality "1"]

1. c4 Nf6 2. Nc3 d6 3. g3 c6 4. Bg2 e5 5. d3 Be7 6. Nf3 Bd7 7. 0-0 Qc8 8. Rb1 Bh3 9. e4 Bxg2 10. Kxg2 h6 11. b4 0-0 12. Nh4 Re8 13. Nf5 Bf8 14. f4 g6 15. fxe5 Rxe5 16. d4 Rxf5 17. exf5 g5 18. Qd3 Qd7 19. d5 Bg7 20. Bb2 Na6 21. a3 Nc7 22. Ne4 Nce8 23. Bxf6 Nxf6 24. Nxf6+ Bxf6 25. Rbd1 Be5 26. c5 Rd8 27. dxc6 bxc6 28. cxd6 Bxd6 29. Rd2 Qc7 30. Rfd1 Be7 31. Qe4 Rxd2+ 32. Rxd2 a5 33. Rc2 axb4 34. axb4 Qd7 35. Qxc6 Qxc6+ 36. Rxc6 Bxb4 37. Kf3 Kg7 38. Kg4 Bd2 39. Kh5 g4 40. Kxg4 Bg5 41. Kh5 f6 42. Rc7+ Kf8 43. Kg6 Ke8 44. h4 1-0

[Event "Arco op 27th"]
[Site "Arco"]
[Date "2005.10.28"]
[Round "7"]
[White "Sautto, Alessandra"]
[Black "Romagnoli, Roberto"]
[Result "1/2-1/2"]
[WhiteElo "1939"]
[BlackElo "2139"]
[PlyCount "42"]
[EventDate "2005.10.22"]
[EventType "swiss"]
[EventRounds "9"]
[EventCountry "ITA"]
[SourceTitle "EXT 2006"]
[Source "ChessBase"]
[SourceDate "2005.11.24"]
[SourceVersion "1"]
[SourceVersionDate "2005.11.24"]
[SourceQuality "1"]

1. d4 Nf6 2. Nf3 e6 3. Bf4 d5 4. Nbd2 c5 5. c3 Nc6 6. e3 Bd6 7. Bxd6 Qxd6 8. Bd3 0-0 9. 0-0 b6 10. Qe2 Bb7 11. dxc5 bxc5 12. e4 dxe4 13. Nxe4 Nxe4 14. Qxe4 g6 15. Rad1 Ne5 16. Qh4 Qb6 17. Ng5 Kg7 18. Qxh7+ Kf6 19. Qh4 Kg7 20. Qh7+ Kf6 21. Qh4 Kg7 1/2-1/2

[Event "Arco op 27th"]
[Site "Arco"]
[Date "2005.10.27"]
[Round "6"]
[White "Romagnoli, Roberto"]
[Black "Bondielli, Giorgio"]
[Result "1-0"]
[WhiteElo "2139"]
[BlackElo "2005"]
[PlyCount "85"]
[EventDate "2005.10.22"]
[EventType "swiss"]
[EventRounds "9"]
[EventCountry "ITA"]
[SourceTitle "EXT 2006"]
[Source "ChessBase"]
[SourceDate "2005.11.24"]
[SourceVersion "1"]
[SourceVersionDate "2005.11.24"]
[SourceQuality "1"]

1. c4 e5 2. Nc3 f5 3. e3 Nf6 4. Be2 d6 5. d4 exd4 6. exd4 g6 7. Nf3 Bg7 8. 0-0 0-0 9. Re1 Re8 10. h3 c6 11. Bf4 Na6 12. c5 d5 13. Bxa6 bxa6 14. Qa4 Ne4 15. Qxc6 Be6 16. Rad1 Qc8 17. Qxc8 Raxc8 18. a3 h6 19. Be5 g5 20. Bxg7 Kxg7 21. Ne5 Rb8 22. Nxe4 fxe4 23. b4 Rec8 24. Rb1 Rc7 25. Rb3 Bd7 26. Nxd7 Rxd7 27. Reb1 Rdb7 28. a4 Kf6 29. Kh2 Ke6 30. Kg3 h5 31. b5 axb5 32. Rxb5 Rxb5 33. axb5 Kd7 34. h4 g4 35. Rb2 Ke6 36. Kf4 Rf8+ 37. Ke3 Rb8 38. b6 axb6 39. cxb6 Kd6 40. Kf4 Kc6 41. b7 Rxb7 42. Rxb7 Kxb7 43. g3 1-0